Modelo de enfermería / (Record no. 35685)
[ view plain ]
| 000 -CABECERA | |
|---|---|
| campo de control de longitud fija | 00506nam a2200169 a 4500 |
| 001 - NÚMERO DE CONTROL | |
| campo de control | 000036194 |
| 005 - FECHA Y HORA DE LA ÚLTIMA TRANSACCIÓN | |
| campo de control | 20200930074937.0 |
| 008 - DATOS DE LONGITUD FIJA--INFORMACIÓN GENERAL | |
| campo de control de longitud fija | 120111s1987 sp a 000 0 spa d |
| 040 ## - FUENTE DE LA CATALOGACIÓN | |
| Centro catalogador/agencia de origen | DO-SdBNP |
| Lengua de catalogación | spa |
| Centro/agencia transcriptor | BNPHU |
| 100 1# - ENTRADA PRINCIPAL--NOMBRE DE PERSONA | |
| Nombre de persona | Roper, Nancy |
| 9 (RLIN) | 62244 |
| 245 10 - MENCIÓN DE TÍTULO | |
| Título | Modelo de enfermería / |
| Mención de responsabilidad, etc. | Nancy Roper, Winifred W. Logan, Alison J. Tierney. |
| 250 ## - MENCIÓN DE EDICIÓN | |
| Mención de edición | 2. ed. |
| 260 ## - PUBLICACIÓN, DISTRIBUCIÓN, ETC. | |
| Lugar de publicación, distribución, etc. | Madrid : |
| Nombre del editor, distribuidor, etc. | Emalsa, |
| Fecha de publicación, distribución, etc. | 1987. |
| 650 24 - PUNTO DE ACCESO ADICIONAL DE MATERIA--TÉRMINO DE MATERIA | |
| Término de materia o nombre geográfico como elemento de entrada | Enfermería |
| 9 (RLIN) | 2342 |
| 700 1# - PUNTO DE ACCESO ADICIONAL--NOMBRE DE PERSONA | |
| Nombre de persona | Logan, Winifred W. |
| 9 (RLIN) | 62245 |
| 700 1# - PUNTO DE ACCESO ADICIONAL--NOMBRE DE PERSONA | |
| Nombre de persona | Tierney, Alison J. |
| 9 (RLIN) | 62246 |
| Estado de retiro | Estado de pérdida | Restricciones de uso | No para préstamo | Código de colección | Localización permanente | Ubicación/localización actual | Ubicación en estantería | Fecha de adquisición | Número de inventario | Total de préstamos | Signatura topográfica completa | Código de barras | Fecha visto por última vez | Precio válido a partir de | Tipo de ítem Koha |
|---|---|---|---|---|---|---|---|---|---|---|---|---|---|---|---|
| Excluido de préstamo | Monografías: Libros y Folletos | General | General | En catalogación | 11.01.2012 | LF1 | 36194-10 | 25.06.2020 | 25.06.2020 | No se presta | |||||
| Monografías: Libros y Folletos | General | General | Orden iniciada | 12.01.2012 | LF1 | 36194-20 | 25.06.2020 | 25.06.2020 | No se presta |
